Statistics for Once Upon a Time Trivia Questions (Mostly season 2)

Click here to take the quiz!

General Stats

  • This quiz has been taken 2,978 times
  • The average score is 11 of 16

Answer Stats

HintAnswer% Correct
Emma's SonHenry
95%
Baelfire's real world identityNeal
91%
Magical item that can create portals?Bean
84%
The Dark OneRumple
83%
I will always...Find you
82%
Where does Neal live in the real world?New York
82%
The only thing that can kill Rumplestilkin?Dagger
79%
State where the show takes place?Maine
74%
Name of Hooks ShipJolly Roger
68%
What did Emma and Hook Climb?Beanstalk
67%
Who shot Belle?Hook
64%
Hooks real nameKillian Jones
62%
Hook's lost loveMilah
57%
What were Emma and Hook looking for?Compass
42%
What happens when you cross the town line?Lose memory
21%
Stole from Rumplestilkin?Robin Hood
17%

Score Distribution

Percentile by Number Answered

Percent of People with Each Score

Your Score History

You have not taken this quiz